000 00567nam a2200217Ia 4500
999 _c66678
_d66678
003 0100
005 20180307145445.0
008 130303s9999 xx 000 0 und d
040 _cARRUPELIB
050 _aDT955.K8
100 _aKuper, Hilda
_930428
245 4 _aThe Shona and Ndebele of Southern Rhodesia /
260 _aLondon
_bInternational African Institute
_c1954
300 _a131p.
300 _b 21cm
440 _aethnographic survey of Africa: Southern Africa v.4
_940282
650 _aMashona
_936265
650 _aMatabele
_938745
700 _aHughes, A.J.B. ; Velsen, J.van
_940283
942 _2lcc
_01
_cMONOGRAPH